000 00414nam a2200169Ia 4500
008 230524s9999 xx 000 0 und d
020 _a9789350141359
082 _bBHO
100 _aBiswajit Bhowmik
_941996
245 0 _aDesign & Analysis of Algorithms
250 _a1
260 _aNew Delhi
_bKatson
_c2011
300 _a"XXIII,13.5p;"
500 _aQuantity Number: 1
650 _aComp-Sc
942 _cBK
999 _c56411
_d56411